01441nam a2200301 i 4500001000700000003000900007005001700016008004100033020002200074080004800096111008800144245019900232250001200431260009200443300002200535490003000557504004200587600005300629700004000682700004700722700003100769830003800800852009400838914003500932942002000967999001900987952013301006187652ES-MaACL20250804112834.0171215s2008 sp |||| | spa d a978-84-8427-656-2 a821.134.2 Rojas Zorrilla, Francisco de 1.072 aCongreso Internacional Rojas Zorrilla en su IV Centenario (d2007.cToledo)916392910aRojas Zorrilla en su IV centenario bCongreso Internacional (Toledo, 4-7 de octubre de 2007) / cedición cuidada por Felipe B. Pedraza Jiménez, Rafael González Cañal y Elena E. Marcello. a1ª ed. a[Cuenca] : bServicio de Publicaciones de la Universidad de Castilla-La Mancha, c2008. a820 p. ; c24 cm.1 aCorral de comedias ; v25 aIncluye referencias bibliográficas.14aRojas Zorrilla, Francisco de, d1607-16489990851 aPedraza Jiménez, Felipe B.9898901 aGonzález Cañal, Rafael,d1961-91386411 aMarcello, Elena E.91639300 aCorral de comedias ; v259225596 aES-MaACLjA-141509194740bR.151286cDEPO1dOlim: N-7150hDonación: Casa de Velázquez 92477aCasa de Velázquezednr 2udccMONOGRAFIA c187652d187652 00102udc4070aATENEOMbATENEOMcDEPO1d2017-12-15eDONACIONl0oA-14150p1198204r2023-02-23 00:00:00w2023-02-23yMONOGRAFIA